Normal view
MARC view
- M. Hassan Sajid
Entry Personal Name
001 - CONTROL NUMBER
- control field: 92889
003 - CONTROL NUMBER IDENTIFIER
- control field: NUST
005 - DATE AND TIME OF LATEST TRANSACTION
- control field: 20220704201305.0
008 - FIXED-LENGTH DATA ELEMENTS
- fixed length control field: 220704|| aca||aabn | a|a d
040 ## - CATALOGING SOURCE
- Original cataloging agency: NUST
- Transcribing agency: NUST
100 ## - HEADING--PERSONAL NAME
- Personal name: M. Hassan Sajid
670 ## - SOURCE DATA FOUND
- Source citation: Work cat.: (NUST)9149: M. Hassan Sajid, To Deploy and configure A Comprehensive Network Monitoring and Analysis Solution for the NUST-SEECS Network [Project BICSE2], 2008.
